000 00701nam a2200217Ii 4500
003 JO-AjNU
008 230605s9999||||xx |||||||||||||| ||und||
017 _a1994/7/631
040 _aJO-AjNU
_bara
_erda
_cJO-AjNU
041 _aara
050 1 4 _aU264.B8712 1994
100 3 _aبودرس، وليام/م مشارك ويندرم، وروبرت ,
_eauthor
_99624
245 0 0 _aاسلحة الدمار الشامل
250 _aط1
264 3 1 _aعمان :دار الجليل, 1994
300 _a442ص
336 _atext
_btxt
_2rdacontent
337 _aunmediated
_bn
_2rdamedia
338 _avolume
_bnc
_2rdacarrier
650 4 _aالقانون الدولي-اسلاح ونزع السلاح
_99625
999 _aA1396
_c4964
_d4964